Представление документа в формате RUSMARC

Поле Инд. ПП Название Значение
Тип записи a
Библиографический уровень a
001 Контрольный номер 8f7cbc9529004ee3a9dda97c218e09ad
005 Дата корректировки 20181120134549.8
100 a Данные общей обработки 20180920 ||| 0rusy0189 ca
101 0_ a Язык текста rus
102 a Страна публикации RU
200 1_ f Первые сведения об ответственности Р.Ю. Горлачев, А.А. Кошечкина
a Заглавие О правовом равенстве граждан Российской Федерации
b Общее обозначение материала Текст
210 d Дата издания 2018
461 _0 1 2000
a Государственная власть и местное самоуправление
463 _0 1 2000
a №6
v С. 9-13
1 2101
d 2018
1 001b2733814e000418c95dde5f384490163
606 a Основная рубрика Конституционное (государственное) право
610 0_ a Ключевые слова КОНСТИТУЦИЯ РФ
a Ключевые слова ПРАВА ЧЕЛОВЕКА
700 _1 a Фамилия Горлачев
b Имя Р.Ю.
701 _1 a Фамилия Кошечкина
b Имя А.А.
801 _0 a Страна RU
b Организация РГУП
c Дата составления 20180920
g Правила каталогизации PSBO
801 _1 a Страна RU
b Организация РГУП
c Дата составления 20180920
g Правила каталогизации PSBO
901 t Тип документа b
w Контрольный № источника b2733814e000418c95dde5f384490163
905 a Дата ввода 20180920